Countries by picture #2 - Statistics

General Stats
  • This quiz has been taken 40 times
  • The average score is 12 of 15
Answer Stats
Picture Answer % Correct
Japan
100%
United States
100%
Germany
97%
United Kingdom
92%
Mexico
89%
South Africa
87%
Greece
84%
New Zealand
82%
Peru
82%
Switzerland
79%
Czech Republic
71%
Israel / Jordan / Palestine
58%
Venezuela
55%
Madagascar
50%
Kuwait
32%
No matching quizzes found
Score Distribution
Percent of People with Each Score
Percentile by Number Answered
Your Score History
You have not taken this quiz